[Event "Calvia Seniors op"]
[Site "Calvia"]
[Date "2006.10.26"]
[Round "7"]
[White "Castan Sanclemente, Alejandro"]
[Black "Diaz Begonte, Manuel"]
[Result "0-1"]
[WhiteElo "1982"]
[BlackElo "1897"]
[PlyCount "72"]
[EventDate "2006.10.20"]
[EventType "swiss"]
[EventRounds "9"]
[EventCountry "ESP"]
[SourceTitle "EXT 2007"]
[Source "ChessBase"]
[SourceDate "2006.11.23"]
[SourceVersion "1"]
[SourceVersionDate "2006.11.23"]
[SourceQuality "1"]

1. d4 d5 2. c4 c6 3. Nc3 dxc4 4. a4 Nf6 5. e3 Bf5 6. Bxc4 e6 7. Nf3 Be7 8. 0-0 0-0 9. Nh4 Nbd7 10. Nxf5 exf5 11. Bd3 g6 12. Re1 Re8 13. e4 fxe4 14. Nxe4 Nxe4 15. Bxe4 Bb4 16. Bd2 Bxd2 17. Qxd2 Nc5 18. Qc2 Qxd4 19. Rad1 Rxe4 20. Rxe4 Qxe4 21. Qxc5 Re8 22. h3 Qxa4 23. Qd6 Qe4 24. Qc7 Re7 25. Qb8+ Kg7 26. Qxa7 Qb4 27. Qa1 Qb3 28. Rc1 Re2 29. Rb1 h5 30. Qa7 b6 31. Qd7 c5 32. Qd6 Qc2 33. Ra1 Qxb2 34. Ra6 Re6 35. Qd5 Qc1+ 36. Kh2 Qf4+ 0-1

[Event "Calvia Seniors op"]
[Site "Calvia"]
[Date "2006.10.24"]
[Round "5"]
[White "Castan Sanclemente, Alejandro"]
[Black "Estrada Martinez, Cesar"]
[Result "0-1"]
[WhiteElo "1982"]
[BlackElo "2167"]
[PlyCount "78"]
[EventDate "2006.10.20"]
[EventType "swiss"]
[EventRounds "9"]
[EventCountry "ESP"]
[SourceTitle "EXT 2007"]
[Source "ChessBase"]
[SourceDate "2006.11.23"]
[SourceVersion "1"]
[SourceVersionDate "2006.11.23"]
[SourceQuality "1"]

1. d4 c5 2. Nf3 cxd4 3. Bf4 Nc6 4. Nxd4 Nf6 5. Nxc6 bxc6 6. Nc3 d5 7. e3 Qb6 8. Na4 Qa5+ 9. c3 c5 10. Bd3 e6 11. 0-0 Bd7 12. Bc2 Be7 13. a3 c4 14. b4 cxb3 15. Bxb3 0-0 16. Qd4 Ne4 17. Bc2 Bxa4 18. Bxa4 Nxc3 19. Bd1 Nxd1 20. Rfxd1 Rac8 21. g3 Rc4 22. Qb2 Rfc8 23. Be5 f6 24. Qb7 Kf8 25. Bd4 R4c7 26. Qb3 Bc5 27. Bc3 Qb6 28. Bb4 Kf7 29. Qd3 Bxb4 30. axb4 f5 31. b5 Rc3 32. Qe2 Qc5 33. Ra6 Qe7 34. Qb2 R3c7 35. Rda1 Rb7 36. Qd4 Rcc7 37. Kg2 Qf6 38. Qa4 Qe5 39. Rxa7 Rxa7 0-1